00280 a2200097 450000100060000008200120000610000400001824500860005826000270014430000110017192306 aPR 2542 aHasnain Ahmad; Noman Riaz , advisor aAvionics system design of pakistan next generation fighter aircraft NGFAn78 B EC aRawalpindibNUSTc2015 a155 p.